Public administration : (Record no. 330)
[ view plain ]
| 000 -LEADER | |
|---|---|
| fixed length control field | 00818nac a22002171u 4500 |
| 010 ## - LIBRARY OF CONGRESS CONTROL NUMBER | |
| LC control number | 2002107773 |
| 020 ## - INTERNATIONAL STANDARD BOOK NUMBER | |
| International Standard Book Number | 0155058681 |
| 035 ## - SYSTEM CONTROL NUMBER | |
| System control number | (DLC) 2002107773 |
| 082 00 - DEWEY DECIMAL CLASSIFICATION NUMBER | |
| Classification number | 351 |
| Item number | D393 |
| 090 ## - LOCALLY ASSIGNED LC-TYPE CALL NUMBER (OCLC); LOCAL CALL NUMBER (OCLC) | |
| -- | 330 |
| -- | 330 |
| 100 ## - MAIN ENTRY--PERSONAL NAME | |
| Personal name | Denhardt, Robert B. |
| 245 10 - TITLE STATEMENT | |
| Title | Public administration : |
| Remainder of title | an action orientation. |
| 250 ## - EDITION STATEMENT | |
| Edition statement | 4th ed. / |
| Remainder of edition statement | Robert B. Denhardt and Joseph W. Grubbs. |
| 260 ## - PUBLICATION, DISTRIBUTION, ETC. (IMPRINT) | |
| Place of publication, distribution, etc | Belmont, CA : |
| Name of publisher, distributor, etc | Wadsworth/Thomson Learning,2003. |
| Date of publication, distribution, etc | c2003. |
| 300 ## - PHYSICAL DESCRIPTION | |
| Extent | xxi, 482 p.: |
| Other physical details | ill. ; |
| Dimensions | 25 cm. |
| 650 #0 - SUBJECT ADDED ENTRY--TOPICAL TERM | |
| Topical term or geographic name as entry element | Public administration. |
| 700 1# - ADDED ENTRY--PERSONAL NAME | |
| Personal name | Grubbs, Joseph W. |
| 856 41 - ELECTRONIC LOCATION AND ACCESS | |
| Materials specified | Table of contents |
| Uniform Resource Identifier | <a href="http://www.loc.gov/catdir/toc/fy032/2002107773.html">http://www.loc.gov/catdir/toc/fy032/2002107773.html</a> |
| 942 ## - ADDED ENTRY ELEMENTS (KOHA) | |
| Item type | Book - Borrowing |
| Call number prefix | 351D393 |
| Withdrawn status | Item status | Source of classification or shelving scheme | Damaged status | Not for loan | Vendor | Home library | Current library | Shelving location | Date acquired | Source of acquisition | Cost, normal purchase price | Total Checkouts | Full call number | Barcode | Date last seen | Date last borrowed | Cost, replacement price | Koha item type |
|---|---|---|---|---|---|---|---|---|---|---|---|---|---|---|---|---|---|---|
| Dewey Decimal Classification | Central Library | Central Library | First floor | 06/03/2006 | 160.00 | 10 | 351 DEN | 000004329 | 15/07/2025 | 19/11/2018 | 200.00 | Book - Borrowing |